| 000 | 00627nam a2200217Ia 4500 | ||
|---|---|---|---|
| 005 | 20241129120313.0 | ||
| 008 | 241129s9999||||xx |||||||||||||| ||und|| | ||
| 020 | _a9789355184900 | ||
| 037 | _aTB | ||
| 040 |
_aSDCL _beng _cSDCL |
||
| 041 |
_ahin _2hin |
||
| 084 |
_aO152,6N122:g R2 _qSDCL |
||
| 100 |
_aSingh Vijay Bahadur Ed.; Tripathi Radhavallabh Ed. _9729617 |
||
| 245 | 0 | _aSanskriti ke parshn aur Ramvilas Sharma | |
| 260 |
_aNew Delhi _bVani Prakashan India _c2022 |
||
| 300 | _a352p. | ||
| 365 |
_aINR _b750 |
||
| 650 | _aHindi | ||
| 942 |
_cTB _hO152,6N122:g R2 |
||
| 999 |
_c1234245 _d1234245 |
||